Nos mudamos /

Guardado en:
Autor Principal: Borlasca, Adrián
Formato: Libro
Publicado: Buenos Aires : Albatros, 1996
Materias:
Etiquetas: Agregar Etiqueta
Sin Etiquetas, Sea el primero en etiquetar este registro!
LEADER 00412nam a22001575a 4500
001 CEM.cems010522
005 20060214000000.0
008 130507s1996##################000#0#####d
003 CEMS
100 1 |a Borlasca, Adrián 
245 1 0 |a Nos mudamos / 
260 |a Buenos Aires :  |b Albatros,  |c 1996 
300 |a 30 p. 
653 |a Nivel inicial-biblioteca 
859 |a CEMS  |b BIB. CEMS - 11 de abril  |h JARDIN  |p 21050.00  |t Ej.1